000 00513ntaaa2200193 4500
003 01
005 20251027201804.0
008 0714s1973 ag 01
040 _aAR-BaBN
_bspa
_cAR-BaBN
_eaacr
_dRIC
082 _a241.6880 V44L
100 _aVasquez Perez, Guillermo H.
245 _aLo que padres y maestros deben saber acerca de las drogas
250 _a1 ed.
260 _aEl Paso :
_bCasa Bautista de Publicaciones,
_c1978
300 _a134 p
650 _adrogas
650 _ajovenes
_91664
942 _cBK
999 _c12529
_d12529